1737 1746 1784 1781 1830 1357 1885 1344 1757 1475 1593 1467 1122 1914 1530 1322 1659 1719 1427 1115 1432 1706 1479 1211 1303 1235 1051 1637 1345 1354 1047 1141 1744 1148 1360 1428 1737 1108 1184 1451 1006 1383 1390 1231 1570 1610 1261 1323 1613 1176 1736 1766 1739 1688 1194 1410 1827 1258 1814 1952 1074 1001 1314 1340 1797 1901 1120 1004 1541 1783 1833 1936 1988 1876 1683 1185 1390 1092 1511 1632 1950 1839 1199 1929 1536 1474 1905 1028 1603 1693 1733 1042 1064 1828 1568 1882 1993 1587 1564 BCNSPRNW ULIB Ver.6.0+V

เปลี่ยนเป็นภาษาไทย

Change to English
 แสดงรายละเอียดบรรณานุกรม
  กลับหน้าหลัก

Brief Record : Get Marc (ISO 2709) : E-mail record : QR code < ปิดหน้าต่าง
LEADER : 00000nam 2200000uu 4500
001    13399128320
003     ULIB
008    230607s||||||||th 000 0 tha d
020    ^a9786161112387
060 04 ^aWY159^bพ231ก ล.2
100 0  ^aพรทิพย์ ศิริบูรณ์พิพัฒนา,^eบรรณาธิการ
245 00 ^aการพยาบาลเด็ก เล่ม 2 /^cบรรณาธิการ, พรทิพย์ ศิริบูรณ์พิพัฒนา
250    ^aพิมพ์ครั้งที่ 6
260    ^aนนทบุรี :^bโครงการสวัสดิการวิชาการ สถาบันพระบรมราชชนกกระทรวงสาธารณสุข,^c2565
300    ^a556 หน้า :^bภาพประกอบ
650  7 ^aการพยาบาลกุมารเวชศาสตร์
710 2  ^aกระทรวงสาธารณสุข
710 2  ^aสถาบันพระบรมราชราชชนก ^bโครงการสวัสดิการวิชาการ
945    ^p300^l0^i29516
945    ^p300^l0^i29517
945    ^p300^l0^i29518
945    ^p300^l0^i29519
945    ^p300^l0^i29520
995    ^aกัณชพร
999    ^aใช้งานได้ทุกระบบ
รายการนี้ยังไม่มีแท็ก
คุณยังไม่ได้ล็อกอิน คุณสามารถมีกิจกรรมร่วมกับเว็บไซต์ได้ แต่ต้องล็อกอินก่อน ::
  ล็อกอิน

รายการสื่อสารสนเทศ

ลำดับที่ ประเภท เลขเรียก/บาร์โค้ด สถานที่ สถานะ
1. หนังสือสำรอง
หนังสือสำรอง
WY159 พ231ก ล.2 ฉ.1 
  Barcode: 29516
ห้องสมุดวิทยาเขตนครสวรรค์
►หนังสือทั่วไป:l:General Books
บนชั้น
2. วิทยาศาสตร์การแพทย์ และสุขภาพ
วิทยาศาสตร์การแพทย์ และสุขภาพ
WY159 พ231ก ล.2 ฉ.2 
  Barcode: 29517
ห้องสมุดวิทยาเขตนครสวรรค์
►หนังสือทั่วไป:l:General Books
ถูกยืม กำหนดส่งวันที่ 16 พฤษภาคม 2568
  จอง
3. วิทยาศาสตร์การแพทย์ และสุขภาพ
วิทยาศาสตร์การแพทย์ และสุขภาพ
WY159 พ231ก ล.2 ฉ.3 
  Barcode: 29518
ห้องสมุดวิทยาเขตนครสวรรค์
►หนังสือทั่วไป:l:General Books
บนชั้น
4. วิทยาศาสตร์การแพทย์ และสุขภาพ
วิทยาศาสตร์การแพทย์ และสุขภาพ
WY159 พ231ก ล.2 ฉ.4 
  Barcode: 29519
ห้องสมุดวิทยาเขตนครสวรรค์
►หนังสือทั่วไป:l:General Books
บนชั้น
5. วิทยาศาสตร์การแพทย์ และสุขภาพ
วิทยาศาสตร์การแพทย์ และสุขภาพ
WY159 พ231ก ล.2 ฉ.5 
  Barcode: 29520
ห้องสมุดวิทยาเขตนครสวรรค์
►หนังสือทั่วไป:l:General Books
บนชั้น

รายการใกล้เคียง
    ผู้แต่ง [พรทิพย์ ศิริบูรณ์พิพัฒนา, บรรณาธิการ]

    หัวเรื่อง [การพยาบาลกุมารเวชศาสตร์]

BibComment


ยังไม่เคยถูกคอมเมนท์

คอมเมนท์ทรัพยากรรายการนี้
  คอมเมนท์: การพยาบาลเด็ก เล..


 Copyright 2026. Bcnsprnw @Library